000 00469nam a22001577a 4500
999 _c14926
_d14926
003 OSt
005 20200131152631.0
008 200131b ||||| |||| 00| 0 eng d
040 _c2
082 _aDPer 050 Dec 2015-Mar 2016 T48 v186-187
100 _941459
_aGuzman, Isaac.
245 _aDavid Bowie:
_b1947-2016/
_cIsaac Guzman.
260 _aNew York:
_bTime Inc.,
_c©Dec 2015-Mar 2016.
300 _av187 n2, page 40-45:
_billustrations;
_c27 cm.
942 _2ddc
_cPER